Zweiter Weltkrieg - Geographie - Statistiken

Allgemein
  • Dieses Quiz wurde 770 mal gespielt
  • Das Durchschnittsergebnis liegt bei 10 aus 21
Antwortstatistiken
Hinweis Antwort % Korrekt
Region von Frankreich, an der sich Tag X (auch D-Day genannt) abspielte Normandie
92%
Tödlichstes Konzentrationslager Auschwitz
78%
Deutsche Stadt, die am 13. Februar 1945 u.a. durch Brandbomben zerstört worden war Dresden
77%
Fluss, auf dem die Schlacht um Stalingrad ausgetragen wurde Wolga
72%
Land, das von der UDSSR im Winterkrieg angegriffen wurde Finnland
61%
Hauptquartier der US Pazifikflotte. Tag des Angriffs wird „Tag der Ehrlosigkeit“ genannt. Pearl Harbor
58%
Land, das die höchste Anzahl an ihrer Vorkriegs-Bevölkerung verlor Polen
58%
Wichtige strategische Insel im Mittelmeer. Lange von den Nazis belagert, trotzdem nie eingenommen. Malta
57%
Ehemaliges Land und Herzstück Deutschlands. Lange wegen ihrem starken Militär gefürchtet. Preußen
57%
Wald, durch dem Deutschland Frankreich angriff Ardenner Wald
50%
Stadt, in der britische Truppen 1940 Frankreich evakuierten Dunkerque
50%
Flussregion, wo ein Großteil der deutschen Industrie war Ruhr
50%
Gruppe dreier Länder, die 1940 und wieder 1944 von der UDSSR annektiert wurden {Baltische} Staaten
49%
Hauptstadt des nicht eingenommenen Teil Frankreichs Vichy
48%
Linie mit Befestigungen und dem Versuch, Frankreich vor Deutschland zu schützen {Maginot} Linie
40%
Hitlers Landhaus in den bayrischen Alpen Das {Adler}nest
38%
Atoll, wo Japan 1942 vier Flugzeugträger verlor Midway
36%
Stadt in Ägypten, die den größten Fortschritt von Rommels Panzern zeigte El Alamein
24%
Pazifikinsel, auf der sechs Marinesoldaten ikonisch die Flagge hissen Iwo Jima
22%
General MacArthur kündigte an, hierhin zurückzukehren Philippinen
21%
Straße vom Südwesten Chinas nach Indochina. Eine wichtige Versorgungsroute nach China. {Birma}straße
9%
Keine übereinstimmenden Quizze gefunden
Verteilung der Resultate
Anzahl Personen mit jedem Resultat
Perzentil nach korrekt beantworteten Fragen
Ihre Resultats-Entwicklung
Sie haben dieses Quiz noch nicht gespielt